000 00304nam a2200133 i 4500
001 bg
100 1 _aPATKOWSKA, Hanna
245 0 _aWstęp do topologii /
_cHanna Patkowska.
260 _aWarszawa,
_c1979.
040 _cBPK
041 _apol
942 _cKS
008 s pl f |000 0 pol
999 _c10008
_d10008
856 _uhttp://koha.tu.koszalin.pl/cgi-bin/koha/opac-detail.pl?biblionumber=10008
_yKatalog online BPK